00602nam a22001817a 450000500170000001000260001702000230004303500240006603700130009008200110010310000200011424501110013426000420024527000340028730000200032150000500034170000290039120230628164024.0 aENG-121070 ENG-137203 c200.00a8180642119 aEN-104602 EN-120735 bDBAD/PUB a954.04 aPal, Sakti Pada aMuzaffar Ahmad and the Indian communist movement/cby Sakti Pada Pal ; forworded by Swapan Kumar Pramanick aKolkatabProgressive Publishersc2012 a37/A, College StreetbKolkata a248p.c22cm(Hb) aIncludes bibliographical references and index aPramanick, Swapan Kumar